LEADER 01386nam a2200313 a 4500 001 000000157443 003 CaOOAMICUS 005 20161214092659.0 008 161214s2014 gw u000 u ger r 020 $a9783374037292* 032 $aLibriCat 040 $aPUL$bita 082 04$a284 100 1 $aChriste, Wilhelm.$0(OLS)http://pul/name/100431 245 10$aGerechte Su?nder : $beine Untersuchung zu Martin Luthers "Simul iustus et peccator" /$cWilhelm Christe. 260 $aLiepzig :$bEvangelische Verlagsanstalt,$cİ2014. 300 $a746 p. ;$c23 cm. 490 1 $aArbeiten zur systematischen Theologie ;$vBd. 06 504 $aBibliografia in nota. 600 14$aLuther, Martin,$d1483-1546$xTeologia.$0(OLS)http://pul/subject/4481 830 0$aArbeiten zur systematischen Theologie ;$vBd. 06.$0(OLS)http://pul/title/197047 850 $aPUL 852 $aPUL$W1$xSL Religione 3$y85$m284 CHRWI 1$j180751$qDDC 21$B183869$CPULBib$Z2$F183869 $H128579 $81 941 1 $a9 996 $6020$a9783374037292*$9(OLS)http://pul/number/161728 996 $6082$a284$9(OLS)http://pul/classification/432 996 $6245$aGerechte Su?nder : $beine Untersuchung zu Martin Luthers "Simul iustus et peccator"$9(OLS)http://pul/title/197046 996 $6260$aLiepzig :$bEvangelische Verlagsanstalt$9(OLS)http://pul/publisher/85770 LEADER 01097nam a2200277 u 4500 001 000000081484 003 CaOOAMICUS 005 20070226123747.0 008 050323s1938 it u000 u ita u 035 $a11035741 040 $aPUL(R)$bita 041 1 $aita$hund 100 1 $aPetersz, Gerlac.$0(OLS)http://pul/name/54305 245 12$aL'ardente soliloquio con Dio /$cGerlac Petersz ; traduzione e introduzione di Arrigo Levasti. 260 $aLanciano :$bCarabba,$c1938. 300 $a212 p. ;$c19 cm 490 1 $aCultura dell'anima ;$v158 504 $aBibliografia in nota. 650 4$aMisticismo$zOlanda.$0(OLS)http://pul/subject/28127 700 1 $aLevasti, Arrigo,$d1886-1973.$0(OLS)http://pul/name/16507 830 0$aCultura dell'anima (Carabba) ;$v158.$0(OLS)http://pul/title/12231 850 $aPUL 852 $aPUL$W1$xDP1 Fondo Cecchetti$y53$m260 N 93$j103926$nBK-PRI$b $qFondi$B103926$CPULBib$Z2$F103926 $82 941 1 $a1 996 $6245$aL'ardente soliloquio con Dio$9(OLS)http://pul/title/106570 996 $6260$aLanciano :$bCarabba$9(OLS)http://pul/publisher/51250